| 000 | 00839nam a22002417a 4500 | ||
|---|---|---|---|
| 003 | OSt | ||
| 005 | 20250918041118.0 | ||
| 008 | 250918b |||||||| |||| 00| 0 eng d | ||
| 020 | _a978-0-323-04826-2. | ||
| 040 |
_aDWC-Main Lib. _cOC |
||
| 082 | _28th ed. | ||
| 100 | _aACKLEY, BETTY J. | ||
| 245 |
_aNursing diagnosis handbook : _ban evidenced-based guide to planning care/ _cACKLEY, BETTY J. |
||
| 260 |
_aSt. Louis, Missouri : _bMosby Elsevier, _cc2008. |
||
| 300 |
_axvii, 937 p. ; _c25 cm. |
||
| 504 | _aIncludes bibliographical references and index. | ||
| 650 | _a1. Nursing care plans-Handbooks, manuals, etc. | ||
| 650 | _a2. Nursing diagnosis-Handbooks, manuals, etc. | ||
| 650 | _a3. Patient care planning-Handbooks. | ||
| 700 | _aLADWIG, GAIL B. | ||
| 760 | _b8th ed. | ||
| 942 |
_2ddc _cBK-CIRC _e8th ed. _hCirc. _n0 |
||
| 999 |
_c4478 _d4478 |
||